LEADER 02196nam 2200529 450 001 9910796953803321 005 20230808203828.0 010 $a92-9257-400-0 035 $a(CKB)4100000005249747 035 $a(MiAaPQ)EBC5455315 035 $a(EXLCZ)994100000005249747 100 $a20200221d2016 uf 0 101 0 $aeng 135 $aurcnu|||||||| 181 $ctxt$2rdacontent 182 $cc$2rdamedia 183 $acr$2rdacarrier 200 00$aMonitoring, reporting, and verification manual for clean development mechanism projects /$fAsian Development Bank 210 1$aMandaluyong City, Metro Manila, Philippines :$cAsian Development Bank,$d2016. 215 $a1 online resource (xii, 104 pages) 300 $a"Publication stock no. TIM157723-2"--Verso of title page. 311 $a92-9257-399-3 320 $aIncludes bibliographical references. 606 $aClimatic changes$xGovernment policy$zAsia$vHandbooks, manuals, etc 606 $aClimatic changes$xGovernment policy$zPacific Area$vHandbooks, manuals, etc 606 $aGlobal warming$xGovernment policy$zAsia$vHandbooks, manuals, etc 606 $aGlobal warming$xGovernment policy$zPacific Area$vHandbooks, manuals, etc 606 $aGreenhouse gases$xGovernment policy$zAsia$vHandbooks, manuals, etc 606 $aGreenhouse gases$xGovernment policy$zPacific Area$vHandbooks, manuals, etc 606 $aInternational trade$xEnvironmental aspects$vHandbooks, manuals, etc 615 0$aClimatic changes$xGovernment policy 615 0$aClimatic changes$xGovernment policy 615 0$aGlobal warming$xGovernment policy 615 0$aGlobal warming$xGovernment policy 615 0$aGreenhouse gases$xGovernment policy 615 0$aGreenhouse gases$xGovernment policy 615 0$aInternational trade$xEnvironmental aspects 676 $a363.7387456095 700 $aBhandari$b Preety$01519209 712 02$aAsian Development Bank, 801 0$bMiAaPQ 801 1$bMiAaPQ 801 2$bMiAaPQ 906 $aBOOK 912 $a9910796953803321 996 $aMonitoring, reporting, and verification manual for clean development mechanism projects$93757194 997 $aUNINA